| 000 | 00470 a2200181 4500 | ||
|---|---|---|---|
| 005 | 20260402141411.0 | ||
| 008 | 260402b |||||||| |||| 00| 0 eng d | ||
| 020 |
_a9780195685107 _cRs. 775.00 |
||
| 040 | _aMAIN | ||
| 082 |
_a301.0954 _bH192H |
||
| 100 | _aDas, Veena, ed. | ||
| 245 | _aHandbook of Indian sociology | ||
| 260 |
_bOxford University Press _c2022 _aNew Delhi |
||
| 300 | _aviii, 502 | ||
| 650 | _aSocial Science | ||
| 650 | _aSociology | ||
| 942 | _cBK | ||
| 999 |
_c394658 _d394658 |
||